[Event "3rd International Open"]
[Site "Rethymno GRE"]
[Date "2011.07.16"]
[Round "7"]
[White "Guramishvili,S"]
[Black "Romsdal,T"]
[Result "1-0"]
[WhiteElo "2329"]
[BlackElo "2130"]

1.d4 d5 2.c4 c6 3.Nf3 Nf6 4.Nbd2 g6 5.e3 Bg7 6.b4 O-O 7.Bb2 Bf5 8.Be2 Nbd7
9.O-O Ne4 10.Nxe4 Bxe4 11.Nd2 Bf5 12.Qb3 Be6 13.a4 a6 14.c5 f6 15.b5 Bf7
16.Qc2 e5 17.Nb3 e4 18.Bc3 f5 19.Rfb1 Be6 20.Na5 axb5 21.Nxb7 Qc7 22.Nd6 bxa4
23.Rb7 Qd8 24.Rxa4 f4 25.exf4 Rxf4 26.Bd2 Rf8 27.Be3 Nf6 28.Qa2 Ng4 29.Bxg4 Bxg4
30.h3 Be6 31.Rxa8 Qxa8 32.Qxa8 Rxa8 33.Re7 Bf5 34.g4 Bf8 35.Rc7 Be6 36.Rxc6 Bxd6
37.Rxd6 Kf7 38.g5 Ra7 39.Kg2 Ke7 40.Bf4 Ra3 41.h4 Bh3+ 42.Kh2 Be6 43.Be3 Ra8
44.Rb6 Bd7 45.Bf4 Rc8 46.Rd6 Be6 47.Be5 Ra8 48.Rb6 Bf7 49.Bf6+ Kf8 50.Rd6 Rb8
51.Rd7 Rb2 52.Kg3 Rb3+ 53.Kg2 Be6 54.Rxh7 Bh3+ 55.Kh2 Bf5 56.c6 Rc3 57.c7 Kg8
58.Rg7+ Kf8 59.Rh7 Kg8 60.Rh8+ Kf7 61.Be5 Rc2 62.Kg1 Bg4 63.Bf4 Ke7 64.Rd8 Be6
65.Be5 Rc1+ 66.Kg2 Rc2 67.Bd6+ Kf7 68.Rf8+ Kg7 69.Rf6 Bg4 70.Kg3 Bc8 71.Be5 Rc3+
72.Rf3+  1-0

[Event "2nd SPI Open"]
[Site "Satu Mare ROU"]
[Date "2011.07.16"]
[Round "3"]
[White "Secheres,Ad"]
[Black "Suciu,DS"]
[Result "1/2-1/2"]
[WhiteElo "2005"]
[BlackElo "2116"]

1.d4 d5 2.c4 c6 3.Nf3 Nf6 4.Qc2 Bg4 5.Ne5 e6 6.Nxg4 Nxg4 7.Bf4 Bd6 8.Bxd6 Qxd6
9.e3 O-O 10.Be2 Nh6 11.Nc3 Nd7 12.O-O f5 13.b4 Nf6 14.c5 Qc7 15.b5 e5 16.bxc6 bxc6
17.Qa4 Nhg4 18.g3 exd4 19.Qxd4 Ne5 20.Rab1 Ne4 21.Rb3 Rae8 22.Rfb1 Qa5 23.f4 Nd7
24.Nxe4 Rxe4 25.Qc3 Ra4 26.Rc1 Rxa2 27.Bd3 Qxc3 28.Rcxc3 Ra5 29.Rb7 Nxc5
30.Rc7 Nxd3 31.Rxd3 Rc5 32.Rxa7 Rb8 33.Rd2 Rc3 34.Kf2 Re8 35.Rc7 Rexe3 36.Rxc6 Rf3+
37.Kg2 Rxg3+ 38.hxg3 Rxc6 39.Rxd5 g6 40.Rd7 Rf6 41.Kh3 Rf7 42.Rd6 Kg7 43.g4 fxg4+
44.Kxg4 Rc7 45.Rb6 h5+ 46.Kg5 Rc5+ 47.Kh4 Rc1 48.Kg3 Rg1+ 49.Kf2 Rd1 50.Kg3 Rd3+
51.Kf2 Rd5 52.Kf3 Rf5 53.Ke4 Rf6 54.Rb5 Re6+ 55.Kf3 Kf6 56.Ra5 Rb6 57.Rc5 Rb3+
58.Kf2 Rd3 59.Ra5 Ke6 60.Rg5  1/2-1/2

[Event "2nd Vaujany Open A"]
[Site "Vaujany FRA"]
[Date "2011.07.16"]
[Round "3.7"]
[White "Horvath,Jo1"]
[Black "Berescu,A"]
[Result "0-1"]
[WhiteElo "2535"]
[BlackElo "2465"]

1.d4 d5 2.c4 c6 3.Nf3 Nf6 4.Qb3 e6 5.Bg5 h6 6.Bxf6 Qxf6 7.Nbd2 Qe7 8.a3 Nd7
9.e4 dxe4 10.Nxe4 f5 11.Nc3 g6 12.O-O-O Bg7 13.g3 O-O 14.Bg2 c5 15.Rhe1 cxd4
16.Nxd4 Nc5 17.Qc2 e5 18.Nd5 Qd8 19.Nb3 Nxb3+ 20.Qxb3 Kh7 21.Kb1 Rb8 22.h4 h5
23.Qb4 Be6 24.Nf4 Qc8 25.Rd6 Bf7 26.Nd5 Rd8 27.Rc1 Rxd6 28.Qxd6 Qd8 29.c5 e4
30.Nf4 Bf8 31.Qxd8 Rxd8  0-1

[Event "Miguel Najdorf Mem op A"]
[Site "Warsaw POL"]
[Date "2011.07.16"]
[Round "3.29"]
[White "Drozdowski,K"]
[Black "Leks,M"]
[Result "0-1"]
[WhiteElo "2311"]
[BlackElo "2082"]

1.d4 d5 2.c4 c6 3.Nf3 Nf6 4.Qc2 e6 5.Bf4 dxc4 6.Qxc4 b5 7.Qc2 Bb7 8.e3 Nbd7
9.Be2 a6 10.O-O c5 11.a4 c4 12.Nbd2 Nd5 13.Bg3 Be7 14.e4 Nb4 15.Qb1 Nf6 16.Rd1 O-O
17.h4 h6 18.Be5 Qb6 19.a5 Qa7 20.Bxf6 Bxf6 21.Nf1 Rad8 22.Ng3 Bxd4 23.Nxd4 Rxd4
24.Qc1 Bxe4 25.Qc3 Rxd1+ 26.Rxd1 Nd5 27.Qe5 Bg6 28.h5 Bh7 29.Qd6 c3 30.bxc3 Nxc3
31.Rc1 Nxe2+ 32.Nxe2 Be4 33.Nd4 Qb7 34.Nc6 Bxc6 35.Rxc6 Rc8 36.Rxa6 Rc1+
37.Kh2 Qe4 38.Qg3 b4 39.Rb6 Qe1 40.Rb8+ Kh7 41.Qd3+ f5 42.a6 Qg1+ 43.Kg3 Rc3
44.Qxc3 bxc3 45.a7 f4+ 46.Kf3 Qd1+ 47.Ke4 Qd5+ 48.Kxf4 c2 49.Rc8 Qd4+ 50.Kg3 Qxa7
51.Rxc2 Qa5 52.Re2 Qg5+ 53.Kf3 Qxh5+ 54.Ke3 Qg5+ 55.Kf3 e5 56.g3 Qh5+ 57.Ke3 Qg4
58.Kd2 Qd4+ 59.Ke1 g5 60.Re3 h5 61.Kf1 Kg6 62.Kg2 h4 63.gxh4 gxh4 64.Ra3 Qd5+
65.Kh2 Qc5 66.Rf3 e4 67.Re3 Kf5 68.Kh3 Kf4 69.Re2 Qc3+ 70.Kh2 Qf3 71.Ra2 h3  0-1

[Event "Najdorf Memorial"]
[Site "Warsaw POL"]
[Date "2011.07.17"]
[Round "4"]
[White "Markowski,T"]
[Black "Staniszewski,Pi"]
[Result "1/2-1/2"]
[WhiteElo "2611"]
[BlackElo "2414"]

1.d4 d5 2.Nf3 Nf6 3.c4 c6 4.Qb3 dxc4 5.Qxc4 Bf5 6.g3 e6 7.Bg2 Nbd7 8.O-O Be7
9.e3 O-O 10.Qe2 Ne4 11.Rd1 Qc7 12.Ne1 c5 13.f3 Nd6 14.e4 Bg6 15.Be3 cxd4
16.Bxd4 Qc4 17.Nc3 Qxe2 18.Nxe2 Rfd8 19.Nd3 Nb8 20.Ne5 f6 21.Nxg6 hxg6 22.Rac1 Nc6
23.Be3 g5 24.Nd4 Nxd4 25.Bxd4 b6 26.Bf1 Rac8 27.Bc3 Kf7 28.Ba6 Rc7 29.h3 Rc5
30.b4 Rc6 31.Be1 Rxc1 32.Rxc1 Ne8 33.Kf1 Bd6 34.a4 Nc7 35.Be2 Ke7 36.Bf2 Ne8
37.Rc4 Rd7 38.Be1 Rc7 39.h4 gxh4 40.gxh4 Rxc4 41.Bxc4 g6 42.Ke2 Ng7 43.Kd3 Nh5
44.Bb3 Nf4+ 45.Kc4 a6 46.Bf2  1/2-1/2

[Event "Najdorf Memorial"]
[Site "Warsaw POL"]
[Date "2011.07.17"]
[Round "5"]
[White "Brodsky,M"]
[Black "Stoma,P"]
[Result "1-0"]
[WhiteElo "2563"]
[BlackElo "2322"]

1.d4 d5 2.c4 c6 3.Nf3 Nf6 4.Qc2 dxc4 5.Qxc4 Bf5 6.g3 e6 7.Bg2 Nbd7 8.O-O Be7
9.e3 O-O 10.Rd1 e5 11.Nc3 Qc7 12.h3 h6 13.dxe5 Nxe5 14.Nxe5 Qxe5 15.e4 Be6
16.Qe2 Rad8 17.Bf4 Qa5 18.Bd2 Qe5 19.Be3 Bc5 20.f4 Qh5 21.Bxc5 Qxc5+ 22.Qf2 Qa5
23.e5 Nd7 24.Ne4 f6 25.Rd6 Rde8 26.Rad1 Qc7 27.f5 Bd5 28.exf6 gxf6 29.Qf4 Rf7
30.Re6 Qb6+ 31.Kh2 Rxe6 32.fxe6 Bxe6 33.Rd6 Bd5 34.Rxd7 Rxd7 35.Nxf6+ Kg7
36.Qe5 Kg6 37.Nxd7 Qf2 38.Qd6+ Kg7 39.Qe7+  1-0

[Event "3rd International Open"]
[Site "Rethymno GRE"]
[Date "2011.07.18"]
[Round "9"]
[White "Ipatov,A ESP"]
[Black "Kharitonov,Alexandr"]
[Result "1-0"]
[WhiteElo "2562"]
[BlackElo "2539"]

1.d4 d5 2.c4 c6 3.Nf3 Nf6 4.Nbd2 Bf5 5.Nh4 Be6 6.e3 g6 7.Be2 Bg7 8.O-O O-O
9.Nhf3 dxc4 10.Nxc4 Nbd7 11.b3 c5 12.Bb2 cxd4 13.Bxd4 Bxc4 14.Bxc4 Nb6 15.Rc1 Rc8
16.Qe2 Nxc4 17.Rxc4 a6 18.Rfc1 Rxc4 19.Qxc4 Ne8 20.Bxg7 Kxg7 21.Qb4 Nd6 22.e4 a5
23.Qd4+ Kg8 24.h4 h5 25.Qd5 e6 26.Qd4 Nc8 27.Qxd8 Rxd8 28.Ne5 Nd6 29.f3 f5
30.Rd1 fxe4 31.fxe4 Kf8 32.Nxg6+ Kf7 33.e5 Kxg6 34.exd6 Rd7 35.Kf2 Kf7 36.g4 hxg4
37.Kg3 Ke8 38.h5 Rh7 39.d7+ Kd8 40.Kxg4 e5 41.Kg5 e4 42.h6 e3 43.Kg6 Rxd7
44.Rh1 Rd6+ 45.Kg5 Rd5+ 46.Kg4  1-0

[Event "2nd SPI Open"]
[Site "Satu Mare ROU"]
[Date "2011.07.18"]
[Round "5"]
[White "Bogdan,Dan"]
[Black "Suciu,DS"]
[Result "1-0"]
[WhiteElo "2362"]
[BlackElo "2116"]

1.d4 d5 2.Nf3 Nf6 3.c4 c6 4.Qc2 a6 5.b3 Bg4 6.Nbd2 e6 7.e3 Bf5 8.Bd3 Bxd3
9.Qxd3 Nbd7 10.O-O Bd6 11.Bb2 O-O 12.Ne5 Qe7 13.f4 Ba3 14.Bxa3 Qxa3 15.Rf3 Rfe8
16.Raf1 Qxa2 17.Rh3 Nf8 18.g4 Re7 19.g5 Ne4 20.Nxe4 dxe4 21.Qc3 f6 22.Qb4 Rae8
23.gxf6 gxf6 24.Rg3+ Kh8 25.Ng4 Nd7 26.Rg2 a5 27.Qxb7 Qa3 28.Nh6 Ne5 29.Qb6 Nf3+
30.Kh1 Qd6 31.Qxa5 Rg7 32.Rxg7 Kxg7 33.Qh5 Ra8 34.Qf7+  1-0

[Event "34th Taminco Open"]
[Site "Ghent BEL"]
[Date "2011.07.19"]
[Round "8.2"]
[White "Van der Stricht,G"]
[Black "Rijnaarts,S"]
[Result "1-0"]
[WhiteElo "2374"]
[BlackElo "2302"]

1.d4 d5 2.c4 c6 3.Nf3 Nf6 4.Qc2 dxc4 5.e4 b5 6.b3 cxb3 7.axb3 g6 8.Bb2 Bg7
9.d5 cxd5 10.e5 Nh5 11.Bxb5+ Bd7 12.Bxd7+ Qxd7 13.Ra4 f5 14.O-O Nc6 15.Rc1 Nd8
16.Qd2 Ne6 17.Nc3 O-O 18.Nxd5 Rfd8 19.Rd1 Kf7 20.g3 Qb5 21.Rb4 Qc5 22.Rc4 Qb5
23.Qd3 Rd7 24.g4 Rad8 25.gxf5 Rxd5 26.fxe6+ Kg8 27.Nd4 Bxe5 28.Nxb5 Bxb2  1-0

[Event "2nd SPI Open"]
[Site "Satu Mare ROU"]
[Date "2011.07.19"]
[Round "7"]
[White "Secheres,Ad"]
[Black "Marcu,A"]
[Result "1/2-1/2"]
[WhiteElo "2005"]
[BlackElo "2063"]

1.d4 d5 2.c4 c6 3.Nf3 Nf6 4.Qc2 e6 5.g3 Nbd7 6.Bg2 Bd6 7.O-O O-O 8.Nbd2 Re8
9.b3 e5 10.cxd5 cxd5 11.dxe5 Nxe5 12.Bb2 b6 13.Nxe5 Bxe5 14.Bxe5 Rxe5 15.Nf3 Re7
16.Nd4 Ba6 17.Rac1 Rc8 18.Qb2 Rec7 19.Rfd1 Qd7 20.e3 Rc5 21.Qa3 Ra5 22.Rxc8+ Qxc8
23.Qd6 Rxa2 24.Nc6 Qd7 25.Qxd7 Nxd7 26.Bxd5 Bb5 27.Nb4 Ra5 28.Bc6 Nf8 29.Rd8 g6
30.Ra8 Kg7 31.Bxb5 Rxb5 32.Nc6  1/2-1/2

[Event "4th Paleohora Open"]
[Site "Paleochora GRE"]
[Date "2011.07.21"]
[Round "2"]
[White "Leutwyler,M"]
[Black "Kharitonov,Alexandr"]
[Result "0-1"]
[WhiteElo "2163"]
[BlackElo "2539"]

1.d4 Nf6 2.Nf3 d5 3.c4 c6 4.Qc2 dxc4 5.Qxc4 Bf5 6.g3 e6 7.Bg2 Nbd7 8.O-O Be7
9.Nc3 O-O 10.Re1 Ne4 11.Qb3 Qb6 12.Nh4 Bxh4 13.Nxe4 Be7 14.Bf4 Bxe4 15.Bxe4 Nf6
16.Bf3 Nd5 17.Qxb6 axb6 18.Bd2 Ra4 19.e3 Rfa8 20.a3 b5 21.Rac1 Nb6 22.Bd1 R4a6
23.Bb3 Rd8 24.Bc3 Na4 25.Re2 g5 26.g4 Bf6 27.Bb4 Rd7 28.Kg2 Ra8 29.Rcc2 Kg7
30.h3 h6 31.Kf3 e5 32.dxe5 Bxe5 33.Bxa4 Rxa4 34.Bc3 Bxc3 35.Rxc3 Kf6 36.Rcc2 Ke6
37.Red2 Rxd2 38.Rxd2 c5 39.Rd8 b4 40.axb4 Rxb4 41.Rd2 b5 42.Ke2 Ke5 43.f3 Rb3
44.Rc2 Kd5 45.Kf2 c4 46.Ke2 f6 47.Kd2 Kc5 48.Ke2 Kb4 49.Rd2 Ka4 50.Rc2 Rd3
51.Kf2 Kb3 52.Re2 b4 53.f4 c3 54.bxc3 bxc3 55.Re1 c2 56.Ke2 Rd8 57.Kf3 Rd1  0-1

[Event "2nd Vaujany Open A"]
[Site "Vaujany FRA"]
[Date "2011.07.21"]
[Round "8.1"]
[White "Istratescu,A"]
[Black "Nanu,C"]
[Result "1/2-1/2"]
[WhiteElo "2645"]
[BlackElo "2526"]

1.d4 d5 2.c4 c6 3.Nf3 Nf6 4.Qb3 dxc4 5.Qxc4 Bg4 6.Nbd2 Nbd7 7.g3 e6 8.Bg2 Be7
9.Qb3 Qb6 10.O-O O-O 11.Nc4 Qxb3 12.axb3 c5 13.Be3 Nd5 14.dxc5 Nxe3 15.Nxe3 Bxf3
16.Bxf3 Nxc5 17.Ra3 Nd7 18.Ra2 Ne5 19.Bg2 Bc5 20.Nc4 Nxc4 21.bxc4 Rfd8 22.Bxb7 Rab8
23.Bf3 Rb4 24.Rc1 g6 25.Kg2 Rd4 26.Ra5 Bb6 27.Ra3 Rdxc4 28.Rxc4 Rxc4 29.Rc3 Rxc3
30.bxc3 Kf8 31.e3  1/2-1/2

[Event "Najdorf Memorial"]
[Site "Warsaw POL"]
[Date "2011.07.21"]
[Round "8"]
[White "Markowski,T"]
[Black "Malakhatko,V"]
[Result "1/2-1/2"]
[WhiteElo "2611"]
[BlackElo "2548"]

1.d4 d5 2.Nf3 c6 3.c4 Nf6 4.Qb3 e6 5.Bg5 h6 6.Bxf6 Qxf6 7.g3 dxc4 8.Qxc4 a5
9.a3 Qd8 10.Bg2 Be7 11.O-O O-O 12.Rd1 Qb6 13.Qc2 Rd8 14.Nc3 Bd7 15.Na4 Qc7
16.Nc5 Be8 17.Rac1 Na6 18.Ne4 Rac8 19.e3 Qb8 20.Nc3 c5 21.d5 exd5 22.Nxd5 Bf8
23.Qf5 Rc6 24.Ne5 Rcd6 25.Nc4 Re6 26.Nxa5 b6 27.Nc4 b5 28.Na5 c4 29.Qf3 Nc5
30.Nb4 Rf6 31.Rxd8 Qxd8 32.Qa8 Qxa8 33.Bxa8 Rd6 34.Bc6 Bxc6 35.Naxc6 Nd3
36.Nxd3 cxd3 37.Nd4 Rd5 38.Rd1 b4 39.axb4 Bxb4 40.Rxd3 g6 41.Rb3 Be7 42.Rb6 Kg7
43.b4 Bf6 44.Nf3 Rd7 45.Kg2 Re7 46.g4 Re4 47.h3 Rc4 48.Rb7 Kf8 49.b5 Rb4
50.Kg3 Kg7 51.Ng1 Rb2 52.Nf3 Rb4 53.Kg2 Kf8 54.Rb8+ Kg7 55.Rb6 Bb2 56.Ne1 Bf6
57.Nd3 Rb3 58.Nc5 Rb2 59.Kg3 Be7 60.Nd3 Rd2 61.Ne1 Bd6+ 62.Kf3 Be7 63.Rb7 Bh4
64.Ke4 Rxf2 65.Nd3 Rf6 66.Ne5 Bg3 67.Nc4 Rf1 68.b6 Rc1 69.Kd5 Rd1+ 70.Kc5 Kf6
71.Rc7 Rb1 72.Rd7 Ke6 73.Rd4 f5 74.gxf5+ gxf5 75.Kc6 Rc1 76.b7 h5 77.e4 fxe4
78.Rxe4+ Kf5 79.Rd4 Ke6 80.Kc5 Rb1 81.Rd3 Bb8 82.Kc6 Rc1 83.Re3+ Kf7 84.Re4 Bg3
85.Kd7 Kf6 86.Re6+ Kg5 87.Re4 Rb1 88.Kc8 h4 89.Rd4 Rc1 90.Rd5+ Kf6 91.Rc5 Ke6
92.b8=Q Bxb8 93.Kxb8 Rc3 94.Kc7 Rxh3 95.Kc6 Rc3 96.Re5+ Kf6 97.Re4 Kg5 98.Kd5 h3
99.Ne5 h2 100.Re1 Rh3 101.Rh1  1/2-1/2

[Event "XXIX Andorra Open"]
[Site "Arinsal AND"]
[Date "2011.07.22"]
[Round "7.1"]
[White "Georgiev,Ki"]
[Black "Arizmendi Martinez,J"]
[Result "1-0"]
[WhiteElo "2654"]
[BlackElo "2555"]

1.d4 d5 2.c4 c6 3.Nf3 Nf6 4.Qc2 dxc4 5.Qxc4 Bg4 6.Nbd2 Nbd7 7.g3 Bh5 8.Bg2 e6
9.O-O Be7 10.b3 O-O 11.Bb2 a5 12.a3 Qb6 13.Rfe1 Rfc8 14.e4 Qd8 15.h3 b5 16.Qd3 Rab8
17.Qe3 c5 18.Rec1 Bg6 19.Qe2 a4 20.dxc5 Nxc5 21.b4 Ncxe4 22.Nf1 Nd5 23.Ne5 Nec3
24.Qe1 Bg5 25.f4 Nxf4 26.gxf4 Bh4 27.Qe3 Nd5 28.Bxd5 Qxd5 29.Nxg6 hxg6 30.Qe5 Qxe5
31.Bxe5 Rxc1 32.Rxc1 Rd8 33.Kg2 Rd3 34.Rc3 Rd1 35.Rc8+ Kh7 36.Rc5 Rd3 37.Rc3 Rd1
38.Ng3 f6 39.Bc7 Rb1 40.Ne4 Rb3 41.Rf3 Rb2+ 42.Kf1 g5 43.fxg5 Kg6 44.gxf6 gxf6
45.Rf4 Bg5 46.Rg4 Rb1+ 47.Ke2 Rb2+ 48.Kd3 Rb3+ 49.Kd4 Rxa3 50.Nxg5 e5+ 51.Kc5 fxg5
52.h4 Rc3+ 53.Kd5  1-0

[Event "4th Paleohora Open"]
[Site "Paleochora GRE"]
[Date "2011.07.23"]
[Round "5"]
[White "Ipatov,A ESP"]
[Black "Ashwin,J"]
[Result "1/2-1/2"]
[WhiteElo "2562"]
[BlackElo "2449"]

1.d4 d5 2.c4 c6 3.Nf3 Nf6 4.Nbd2 Bf5 5.Nh4 Be4 6.f3 Bg6 7.Qb3 Qc7 8.g4 e6
9.e4 dxe4 10.g5 Nfd7 11.Nxg6 hxg6 12.Nxe4 e5 13.dxe5 Na6 14.f4 Bb4+ 15.Kf2 O-O-O
16.Be3 Ndc5 17.Nxc5 Bxc5 18.Be2 f6 19.Kg2 fxe5 20.Rhf1 Qd7 21.Bf2 exf4 22.Qf3 Qf5
23.Rad1 Qxg5+ 24.Qg4+ Qxg4+ 25.Bxg4+ Kc7 26.Rxd8 Rxd8 27.Be1 Be3 28.Ba5+ b6
29.Bc3 Nc5 30.Be5+ Kb7 31.Bxf4 Rd2+ 32.Kh3 Bxf4 33.Rxf4 Rxb2 34.Rf7+ Kb8
35.Rxg7 Nd3 36.Rg8+ Kc7 37.Rg7+ Kb8 38.Rg8+  1/2-1/2

[Event "20th ch-MKD Open"]
[Site "Struga MKD"]
[Date "2011.07.23"]
[Round "8"]
[White "Menkinoski,R"]
[Black "Hristovski,S"]
[Result "1-0"]
[WhiteElo "2345"]
[BlackElo "2145"]

1.d4 d5 2.c4 c6 3.Nf3 Nf6 4.g3 Bf5 5.Nc3 e6 6.Qb3 Qb6 7.c5 Qxb3 8.axb3 Be7
9.b4 Ne4 10.b5 Nxc3 11.bxc3 cxb5 12.e3 O-O 13.Bxb5 Be4 14.Ke2 a6 15.Re1 f6
16.Bd3 Bxd3+ 17.Kxd3 Nc6 18.Rb1 Ra7 19.Nd2 Rd8 20.Ba3 e5 21.Rb6 Rd7 22.Rbb1 Bf8
23.Rb2 Be7 24.Rb3 Kf7 25.f4 g6 26.Rf1 Kg7 27.Bb2 Kg8 28.fxe5 fxe5 29.e4 dxe4+
30.Nxe4 Ra8 31.Ra3 b5 32.Nf6+ Bxf6 33.Rxf6 b4 34.Rxc6 bxa3 35.Bxa3 a5 36.Ke4 exd4
37.cxd4 Rb7 38.d5 Rb3 39.d6 Kf7 40.Rc7+ Ke8 41.Rxh7 Ra6 42.Bc1 Rb4+ 43.Kd5 Rg4
44.Bf4  1-0

[Event "III Corporation Cup A"]
[Site "Izhevsk RUS"]
[Date "2011.07.24"]
[Round "9"]
[White "Yaksin,O"]
[Black "Artemiev,V"]
[Result "0-1"]
[WhiteElo "2414"]
[BlackElo "2401"]

1.d4 d5 2.Nf3 Nf6 3.c4 c6 4.Qb3 dxc4 5.Qxc4 Bg4 6.Nc3 Nbd7 7.e4 Bxf3 8.gxf3 e5
9.Be3 exd4 10.Bxd4 Bd6 11.O-O-O Qc7 12.Be3 O-O 13.Ne2 Ne5 14.Qd4 Rfd8 15.Bg2 Ng6
16.h4 Be5 17.Qb4 Rxd1+ 18.Kxd1 c5 19.Qb3 b5 20.h5 c4 21.Qc2 Nf4 22.Nxf4 Bxf4
23.Bxf4 Qxf4 24.Qd2 Qc7 25.Kc1 Rd8 26.Qe3 h6 27.e5 Nd5 28.Qe4 Nb4 29.Kb1 Qd7
30.Re1  0-1

[Event "2nd ch-Vojvodina"]
[Site "Novi Sad SRB"]
[Date "2011.07.24"]
[Round "2.9"]
[White "Indjic,A"]
[Black "Kovacevic,G"]
[Result "1-0"]
[WhiteElo "2373"]
[BlackElo "2140"]

1.d4 d5 2.c4 c6 3.Nf3 Nf6 4.Nbd2 Bf5 5.e3 e6 6.Be2 h6 7.O-O Nbd7 8.a3 Bd6
9.b4 O-O 10.Bb2 Ne4 11.b5 Nxd2 12.Nxd2 Rc8 13.a4 Re8 14.c5 Bb8 15.f4 b6 16.bxc6 Rxc6
17.Bb5 Rc7 18.cxb6 axb6 19.Rc1 Qc8 20.Ba3 Rd8 21.Qb3 Nf6 22.Rxc7 Qxc7 23.Rc1 Qb7
24.Qc3 g5 25.fxg5 hxg5 26.Qc6 Qa7 27.Bb4 Ng4 28.Nf1 Nf6 29.a5  1-0

[Event "TCh-POR 1st Div"]
[Site "Torres Vedras POR"]
[Date "2011.07.24"]
[Round "2.2"]
[White "Lima,Da"]
[Black "Garcia Rodriguez,Vi"]
[Result "1-0"]
[WhiteElo "2493"]
[BlackElo "2222"]

1.d4 d5 2.c4 c6 3.Nd2 Nf6 4.Ngf3 g6 5.g3 Bg7 6.Bg2 a6 7.O-O O-O 8.b3 Bf5
9.Bb2 Ne4 10.Nh4 Nxd2 11.Qxd2 Be6 12.Rac1 f5 13.Nf3 h6 14.Ne5 g5 15.Rc2 Bxe5
16.Qe3 Nd7 17.dxe5 dxc4 18.bxc4 Qa5 19.Bd4 Rad8 20.f4 g4 21.Rb1 c5 22.Bc3 Qa4
23.Rd2 Rb8 24.Bd5 Bxd5 25.cxd5 b5 26.e6 Nf6 27.Bxf6 Rxf6 28.Qxc5 Qe4 29.Rb4  1-0

[Event "ch-AUT"]
[Site "Linz AUT"]
[Date "2011.07.26"]
[Round "4"]
[White "Neubauer,M"]
[Black "Schachinger,M"]
[Result "0-1"]
[WhiteElo "2431"]
[BlackElo "2360"]

1.d4 d5 2.c4 c6 3.Nf3 Nf6 4.Qc2 dxc4 5.e4 b5 6.b3 cxb3 7.axb3 e6 8.Bd2 a5
9.Bd3 Bb7 10.O-O Be7 11.Rc1 h6 12.Nc3 Na6 13.e5 Nd7 14.Ne4 Nb4 15.Bxb4 Bxb4
16.Nc5 Nxc5 17.dxc5 Qe7 18.Nd2 Rd8 19.Ne4 Rd5 20.f4 O-O 21.Bf1 f5 22.Nd6 Bxc5+
23.Qxc5 Rxc5 24.Rxc5 Ra8 25.Rac1 a4 26.b4 a3 27.Ra1 Ra4 28.Rc3 Ba8 29.Kh1 Qa7
30.Rd3 Qf2 31.Ne8 a2  0-1

[Event "COQ Invitational"]
[Site "Montreal CAN"]
[Date "2011.07.26"]
[Round "5"]
[White "Khassanov,M"]
[Black "Roy,M"]
[Result "1-0"]
[WhiteElo "2286"]
[BlackElo "1935"]

1.d4 d5 2.c4 c6 3.Nf3 Nf6 4.Qc2 e6 5.g3 Be7 6.Bg2 O-O 7.O-O Nbd7 8.Nbd2 b6
9.b3 Bb7 10.Bb2 Rc8 11.e4 dxe4 12.Nxe4 Nxe4 13.Qxe4 Nf6 14.Qc2 Qc7 15.Rad1 Rfd8
16.Rfe1 c5 17.d5 exd5 18.Be5 Qc6 19.Ng5 g6 20.Ba1 Qc7 21.Qe2 Re8 22.Qf3 h6
23.Rxe7 Qxe7 24.Bxf6 Qe2 25.Nh3 Qc2 26.cxd5 Ba6 27.Bf1 Re2 28.Ra1 Rce8 29.Bxe2 Bxe2
30.Qc3 Qf5 31.Bh8  1-0

[Event "11th Condino Open"]
[Site "Condino ITA"]
[Date "2011.07.27"]
[Round "4"]
[White "Salmoiraghi,A"]
[Black "Brun,D"]
[Result "0-1"]
[WhiteElo "2152"]
[BlackElo "2265"]

1.d4 d5 2.c4 c6 3.Nf3 Nf6 4.Qc2 dxc4 5.e4 b5 6.b3 cxb3 7.axb3 e6 8.Bd2 a5
9.Bd3 Bb7 10.O-O h6 11.Rc1 Be7 12.Nc3 b4 13.Na4 Nbd7 14.h3 O-O 15.Bf4 c5
16.Be3 cxd4 17.Bxd4 Rc8 18.Qe2 Rxc1+ 19.Rxc1 Qa8 20.Nd2 Rc8 21.Re1 Bc6 22.Nb2 e5
23.Be3 Nxe4 24.Bxh6 Nxd2 25.Bxd2 Bxg2 26.Qg4 Bh1 27.Kh2 Nf6 28.Qg3 Be4 29.Rg1 Bf8
30.Bh6 Bxd3 31.Nxd3 Rc3 32.Qg5 Ne4 33.Qg2 Rxd3 34.Bxg7 Rg3 35.fxg3 Bxg7 36.Re1 f5
37.g4 Qd5 38.gxf5 Nf6 39.Qxd5+ Nxd5 40.Ra1 Ne3 41.Rxa5 Nxf5 42.Rb5 Bf8 43.Kg2 Nd4
44.Rxe5 Nxb3 45.Rb5 Kf7 46.Kf1 Ke6 47.Ke1 Bg7 48.Kd1 Bc3 49.h4 Nd4 50.Rb8 Kd6
51.Kc1 Kc7 52.Rg8 b3 53.Kb1 Nb5 54.Rg2 Kb6 55.h5 Kc5 56.h6 Kb4 57.Rg4+ Ka3
58.Rg5 Be5 59.Rg2 Nc3+ 60.Kc1 Bf4+  0-1

[Event "Open Women ch-BUL"]
[Site "Vratsa BUL"]
[Date "2011.07.28"]
[Round "5"]
[White "Voiska,M"]
[Black "Dragomirescu,An"]
[Result "1-0"]
[WhiteElo "2312"]
[BlackElo "2190"]

1.d4 d5 2.Nf3 Nf6 3.c4 c6 4.Nbd2 g6 5.e3 Bg7 6.b4 O-O 7.Bb2 Nbd7 8.Be2 dxc4
9.Nxc4 Nd5 10.a3 N5b6 11.Na5 c5 12.O-O cxb4 13.axb4 a6 14.b5 axb5 15.Bxb5 Nf6
16.Qe2 Nbd5 17.Nc4 Rxa1 18.Rxa1 Nc7 19.Nce5 Nxb5 20.Qxb5 Qd5 21.Qb4 e6 22.Nd2 Qd8
23.Ndc4 Nd5 24.Qb3 Qc7 25.Ba3 Rd8 26.Rc1 Bf8 27.Nd6 Qxc1+ 28.Bxc1 Bxd6 29.e4 Nf6
30.Qb6 Be7 31.Ba3  1-0

[Event "98th ch-GBR"]
[Site "Sheffield ENG"]
[Date "2011.07.29"]
[Round "5.7"]
[White "Bates,Ri"]
[Black "Ansell,S"]
[Result "1-0"]
[WhiteElo "2373"]
[BlackElo "2410"]

1.d4 d5 2.c4 c6 3.Nf3 Nf6 4.Qb3 dxc4 5.Qxc4 Bg4 6.Nbd2 Nbd7 7.g3 e6 8.Bg2 Be7
9.Qb3 Qb6 10.Nc4 Qxb3 11.axb3 Bxf3 12.Bxf3 Nd5 13.O-O a6 14.Rd1 g5 15.e4 Nc7
16.d5 cxd5 17.exd5 Nxd5 18.Bxd5 exd5 19.Rxd5 h6 20.Bd2 Nc5 21.Re1 Ne6 22.Bc3 Rg8
23.Na5 Rd8 24.Rxd8+ Nxd8 25.Nxb7 Rg6 26.Nc5 Rc6 27.Ne4 Ne6 28.Nf6+ Kd8 29.Ng4 Nc7
30.Ne5 Rf6 31.Ba5 Bc5 32.Rc1 Bxf2+ 33.Kg2 Bb6 34.Rc6 Rf2+ 35.Kg1 Bd4 36.Bxc7+ Ke8
37.Bb6  1-0

[Event "TCh-POR 1st Div"]
[Site "Torres Vedras POR"]
[Date "2011.07.29"]
[Round "7.4"]
[White "Garcia Ortega Mendez,J"]
[Black "Pires,G"]
[Result "1-0"]
[WhiteElo "2358"]
[BlackElo "2050"]

1.Nf3 Nf6 2.d4 d5 3.c4 c6 4.Qc2 g6 5.e3 Bg7 6.Bd3 O-O 7.O-O dxc4 8.Bxc4 Bf5
9.Qe2 Nbd7 10.Nc3 Bg4 11.Rd1 Qc7 12.e4 b5 13.Bb3 b4 14.Nb1 e5 15.dxe5 Nxe5
16.Nbd2 Rad8 17.h3 Bxf3 18.Nxf3 Rxd1+ 19.Bxd1 Nxf3+ 20.Qxf3 Qe5 21.a3 a5
22.axb4 axb4 23.Bc2 c5 24.Qe2 Rd8 25.Ra7 Qd4 26.Be3 Qxb2 27.Qc4 Kh8 28.Rxf7 b3
29.Bxb3 Qb1+ 30.Kh2 Qxe4 31.Qxc5 Nd5 32.Rd7 Be5+ 33.g3 Bxg3+ 34.fxg3  1-0

[Event "Open Women ch-BUL"]
[Site "Vratsa BUL"]
[Date "2011.07.29"]
[Round "7"]
[White "Voiska,M"]
[Black "Galunova,T"]
[Result "1-0"]
[WhiteElo "2312"]
[BlackElo "1977"]

1.d4 d5 2.Nf3 Nf6 3.c4 c6 4.Nbd2 e6 5.Qc2 Nbd7 6.e3 Bd6 7.Bd3 O-O 8.O-O h6
9.b3 b6 10.cxd5 cxd5 11.Qc6 Qc7 12.Qxa8 Bb7 13.Qxa7 Ra8 14.Qxa8+ Bxa8 15.Bb2 Bb7
16.Rfc1 Qb8 17.Bb5 g5 18.g3 g4 19.Ne1 e5 20.a4 Qd8 21.Nd3 e4 22.Ne5 Bb4 23.Nxd7 Nxd7
24.Bc3 Bxc3 25.Rxc3 Nf8 26.b4 Qd6 27.Rb1 Ne6 28.Be2 h5 29.a5 bxa5 30.bxa5 Ng5
31.Rxb7 Nh3+ 32.Kg2 Qf6 33.f4 gxf3+ 34.Bxf3 exf3+ 35.Nxf3 Qa6 36.Rb2 Qe6
37.Ra3 Qe4 38.a6 Ng5 39.Rf2 h4 40.gxh4 Qg4+ 41.Kh1 Qe4 42.hxg5  1-0

[Event "98th ch-GBR"]
[Site "Sheffield ENG"]
[Date "2011.07.30"]
[Round "6.12"]
[White "MacQueen,C"]
[Black "Ledger,A"]
[Result "1/2-1/2"]
[WhiteElo "2139"]
[BlackElo "2435"]

1.d4 d5 2.c4 c6 3.Nf3 Nf6 4.Qc2 dxc4 5.Qxc4 Bg4 6.Nbd2 Nbd7 7.g3 e6 8.Bg2 Be7
9.Qb3 Nb6 10.O-O O-O 11.e3 Qc7 12.Ne5 Bh5 13.Ndc4 Nxc4 14.Nxc4 Nd7 15.Bd2 Rfd8
16.Rac1 Rab8 17.Rfe1 e5 18.Bb4 Bxb4 19.Qxb4 exd4 20.exd4 Nf6 21.Re7 Rd7 22.Rxd7 Qxd7
23.Ne5 Qd8 24.Qc5 Qb6 25.Qxb6 axb6 26.Nc4 Rd8 27.Nxb6 Rxd4 28.Nc4 h6 29.a3 Be2
30.Na5 Rd7 31.h3 g5 32.b4 Kg7 33.Re1 Bb5 34.Bf3 Rc7 35.Nb3 Nd7 36.Nd4 Kf6
37.Nxb5 cxb5 38.Be2 Ne5 39.Kg2 Rc3 40.Bxb5  1/2-1/2

[Event "Montecatini Open A"]
[Site "Montecatini Terme ITA"]
[Date "2011.08.01"]
[Round "2"]
[White "Efimov,Ig"]
[Black "Gazzarri,A"]
[Result "1-0"]
[WhiteElo "2428"]
[BlackElo "2101"]

1.d4 d5 2.c4 c6 3.Nf3 Nf6 4.Nbd2 e6 5.g3 Bd6 6.Bg2 Nbd7 7.O-O O-O 8.Re1 Re8
9.a3 a5 10.b3 e5 11.cxd5 cxd5 12.dxe5 Nxe5 13.Bb2 Nxf3+ 14.Nxf3 Be6 15.Qd4 Bf8
16.Rac1 Ra6 17.e3 Rc6 18.Bf1 Qb8 19.Qa4 Rec8 20.Qxa5 Ne4 21.Nd4 Rxc1 22.Rxc1 Rxc1
23.Bxc1 Qc8 24.Qe1 Bh3 25.f3 Bxf1 26.Qxf1 Nc5 27.Qd1 Nd3 28.Qxd3 Qxc1+ 29.Kg2 Qxa3
30.Ne2 Qa6 31.Qxa6 bxa6 32.Nc3 a5 33.Nxd5 Bc5 34.e4 Kf8 35.f4 Ke8 36.Kf3 Kd7
37.h4 Kd6 38.Ne3 Ke6 39.h5 g6 40.g4 Bf8 41.Nc4 Bb4 42.h6 f6 43.g5 fxg5 44.fxg5 Be7
45.Kg4 Bd8 46.Ne3 Bc7 47.Nd5 Be5 48.Kf3 Bd4 49.Ke2 Bb2 50.Nf4+ Kd6 51.Kf3 Bd4
52.Ng2 Ke6 53.Ne1 Bb6 54.Nd3 Bd4 55.Kf4 Bc3 56.Ke3 Kd6 57.Nf4 Be5 58.Nd5 Ke6
59.Kf3 Bd4 60.Ne3 Bb6 61.Nc4 Bd8 62.Kf4 Bc7+ 63.e5 Kd5 64.Ne3+ Ke6 65.Ng4 Bb8
66.Ke4 Bc7 67.Nf6 Bxe5 68.Nxh7 Bc3 69.Nf8+ Kf7 70.Nd7 Ke6 71.Nc5+ Kf7 72.Kd5 Bd2
73.Ne4 Bb4 74.Nd6+ Kg8 75.Ke6 Bc3 76.Ne4 Bb2 77.Nf6+ Kf8 78.Nd7+ Kg8 79.Ne5 Kh7
80.Nd7 Bc1 81.Nf6+ Kh8 82.Kf7 Bxg5 83.Kxg6 Bc1 84.Ne4 Ba3 85.Ng5 Kg8 86.h7+  1-0

[Event "ECT Open A"]
[Site "Borne NED"]
[Date "2011.08.02"]
[Round "2.1"]
[White "Haast,M"]
[Black "Otten,Martijn"]
[Result "1-0"]
[WhiteElo "2248"]
[BlackElo "1956"]

1.Nf3 Nf6 2.c4 c6 3.g3 d5 4.d4 Bf5 5.Nc3 Nbd7 6.Bg2 e6 7.O-O Be7 8.Nd2 O-O
9.e4 dxe4 10.Ndxe4 Nb6 11.b3 Kh8 12.Bf4 Bg6 13.Bf3 Nbd7 14.Qe2 Qa5 15.a3 Bh5
16.b4 Bxf3 17.Qxf3 Qf5 18.Qe2 e5 19.dxe5 Nxe5 20.Rae1 Rae8 21.c5 Nxe4 22.Nxe4 g5
23.Bxe5+ Qxe5 24.Qh5 Qg7 25.Re3 Rd8 26.Rfe1 f5 27.Nd6 Bxd6 28.cxd6 Rxd6 29.Re7 Qg8
30.Rxb7 f4 31.Ree7 h6 32.Rbd7 fxg3 33.Rxd6 gxf2+ 34.Kf1 Qc4+ 35.Qe2 Qc1+
36.Rd1 Qxa3 37.Qe5+ Kg8 38.Qg7+  1-0